| 000 | 01028cad a22002415a 4500 | ||
|---|---|---|---|
| 001 | L160110 | ||
| 008 | 100611s2009 xxk f 000 0 eng d | ||
| 035 | _a(Sirsi) u160110 | ||
| 041 | 0 | _aeng | |
| 110 | 2 | _aFederation International Des Geometres | |
| 111 | 2 |
_aFIG Regional Conference _bHanoi, Vietnam _d19-22 October 2009 |
|
| 245 | 0 | 0 |
_aProfessional Ethics - The European Code of Conduct _h[electronic resource] |
| 260 |
_aHanoi _bFIG _c2009 |
||
| 520 | _aDraws on recently published research and discusses the issues involved in developing a Code of Conduct in the light of both the professional and cultural diversity of the profession of surveying Europe. | ||
| 521 | _aAdvanced | ||
| 590 | _aKA | ||
| 650 | 2 | 4 | _aCODE OF CONDUCT |
| 651 | 4 | _aEurope | |
| 690 | _aMANAGEMENT-BUSINESS MANAGEMENT-PROFESSIONAL PRACTICE-PROFESSIONAL ETHICS | ||
| 700 | 1 | _aPlimmer, Frances | |
| 856 | 4 | 0 |
_uhttps://www.rics.org/Global/Downloads/RICS_FIG_Professional_Ethics.pdf _zView the paper free of charge at www.rics.org |
| 942 | _n0 | ||
| 999 |
_c116225 _d116225 |
||